| 000 | 00475nam a2200169 i 4500 | ||
|---|---|---|---|
| 001 | 141581 | ||
| 003 | ES-MaACL | ||
| 005 | 20250819063102.0 | ||
| 007 | t| | ||
| 008 | 070925s1905 fr ||||1| fre d | ||
| 100 | 1 |
_aVilletard, Pierre, _d1874-1956 _9115255 |
|
| 245 | 1 | 3 |
_aLa maison des sourires / _cPierre Villetard. |
| 260 |
_aParis : _b[s.n.], _c1905 ( _fFerd. Imbert) |
||
| 300 |
_a327 p. ; _c19 cm. |
||
| 852 |
_aES-MaACL _jF-2526 |
||
| 999 |
_c141581 _d141581 |
||